01100cam a2200277 a 450000100100000000500170001000800410002702000150006804000250008304100380010808200170014610000250016324000330018824501320022126000600035330000280041350400410044153400540048265000340053665000300057065000400060070000350064004900090067595201210068499900170080500002451020200930023218.0850726s1996 xxua 000 | spa d a0881133795 aDO-SdBNPbspacBNPHU17aenghspa2Código de idioma MARC a113.8bD635f1 aDobson, James94159110aLife on the edge.lEspañol10aFrente a la vida :bun plan para disfrutar una vida de sentido y realización /cJames Dobson ; traducción Eugenio Orellana. aNashville, (Estados Unidos) :bEditorial Caribe,c1996. a233 p. :bil. ;c22 cm. aIncluye referencias bibliográficas aTítulo original en inglés :tLife on the edge 4aFilosofía de la vida950227 4aVida (filosofía)950228 4aVidaxAspectos filosóficos9502291 aOrellana, Eugenio,etr.911497 aBNGR 001054708MOaGRbGRcCTd2011-01-28iLF1l0o113.8 D635fp24510-10r2020-06-25w2020-06-25y4ZPréstamo en sala c24003d24003